[Event "11th LCC Super Blitz 2019"]
[Site "London"]
[Date "2019.12.08"]
[Round "5.13"]
[White "Thatte, Nandinee"]
[Black "Watson, Steven L"]
[Result "1-0"]
[WhiteElo "1270"]
[BlackElo "1634"]
[Annotator "NA"]
[PlyCount "74"]
[EventDate "2019.12.08"]
[EventType "swiss"]
[EventCountry "ENG"]
[SourceTitle "playchess.com"]
[Source "ChessBase"]
[SourceQuality "1"]
[TimeControl "180+2"]

1. d4 {[%emt 0:00:00]} Nf6 {[%emt 0:00:00]} 2. c4 {[%emt 0:00:01]} e5 {[%emt 0:00:02]} 3. dxe5 {[%emt 0:00:02]} Ng4 {[%emt 0:00:01]} 4. Nf3 {[%emt 0:00:03]} Bc5 {[%emt 0:00:04]} 5. e3 {[%emt 0:00:05]} Nc6 {[%emt 0:00:03]} 6. Nc3 {[%emt 0:00:06]} Ngxe5 {[%emt 0:00:05]} 7. Be2 {[%emt 0:00:13]} O-O {[%emt 0:00:11]} 8. b3 {[%emt 0:00:03]} d6 {[%emt 0:00:15]} 9. Bb2 {[%emt 0:00:02]} Bg4 {[%emt 0:00:13]} 10. O-O {[%emt 0:00:07]} Bxf3 {[%emt 0:00:21]} 11. Bxf3 {[%emt 0:00:04]} Qh4 {[%emt 0:00:03]} 12. Nd5 {[%emt 0:00:20]} Bb6 {[%emt 0:00:09]} 13. h3 {[%emt 0:00:24]} Kh8 {[%emt 0:00:01]} 14. a4 {[%emt 0:00:11]} a5 {[%emt 0:00:12]} 15. Nxb6 {[%emt 0:00:03]} cxb6 {[%emt 0:00:02]} 16. Bxc6 {[%emt 0:00:10]} bxc6 {[%emt 0:00:04]} 17. Qxd6 {[%emt 0:00:04]} Ng6 {[%emt 0:00:22]} 18. Qxc6 {[%emt 0:00:08]} Rab8 {[%emt 0:00:07]} 19. Rfd1 {[%emt 0:00:22]} Rfc8 {[%emt 0:00:02]} 20. Qf3 {[%emt 0:00:13]} f6 {[%emt 0:00:06]} 21. Rd7 {[%emt 0:00:09]} Re8 {[%emt 0:00:09]} 22. Rad1 {[%emt 0:00:04]} Ne5 {[%emt 0:00:02]} 23. Bxe5 {[%emt 0:00:11]} fxe5 {[%emt 0:00:01]} 24. Qg3 {[%emt 0:00:13]} Qf6 {[%emt 0:00:03]} 25. R1d6 {[%emt 0:00:04]} Qf8 {[%emt 0:00:06]} 26. Rd1 {[%emt 0:00:08]} Rbd8 {[%emt 0:00:04]} 27. Rxd8 {[%emt 0:00:03]} Rxd8 {[%emt 0:00:01]} 28. Rxd8 {[%emt 0:00:04]} Qxd8 {[%emt 0:00:02]} 29. Qxe5 {[%emt 0:00:01]} Qd1+ {[%emt 0:00:02]} 30. Kh2 {[%emt 0:00:02]} Qd8 {[%emt 0:00:03]} 31. Qb5 {[%emt 0:00:06]} Qc7+ {[%emt 0:00:01]} 32. g3 {[%emt 0:00:02]} h6 {[%emt 0:00:02]} 33. Qd5 {[%emt 0:00:09]} Kh7 {[%emt 0:00:02]} 34. e4 {[%emt 0:00:02]} Qe7 {[%emt 0:00:03]} 35. e5 {[%emt 0:00:03]} Qb4 {[%emt 0:00:02]} 36. Qf3 {[%emt 0:00:02]} Qe7 {[%emt 0:00:02]} 37. Qe4+ {[%emt 0:00:02]} Kh8 {[%emt 0:00:03]} 1-0

[Event "11th LCC Super Blitz 2019"]
[Site "London"]
[Date "2019.12.08"]
[Round "5.15"]
[White "Essis, Essoh Jean Mathieu C"]
[Black "Bergner, Matthias"]
[Result "0-1"]
[WhiteElo "1438"]
[BlackElo "1632"]
[Annotator "NA"]
[PlyCount "136"]
[EventDate "2019.12.08"]
[EventType "swiss"]
[EventCountry "ENG"]
[SourceTitle "playchess.com"]
[Source "ChessBase"]
[SourceQuality "1"]
[TimeControl "180+2"]

1. d4 {[%emt 0:00:00]} d5 {[%emt 0:00:00]} 2. Nf3 {[%emt 0:00:02]} e6 {[%emt 0:00:00]} 3. Bf4 {[%emt 0:00:04]} f5 {[%emt 0:00:01]} 4. e3 {[%emt 0:00:14]} Nf6 {[%emt 0:00:02]} 5. Bd3 {[%emt 0:00:05]} Bd6 {[%emt 0:00:04]} 6. Bg5 {[%emt 0:00:11]} Be7 {[%emt 0:00:07]} 7. c3 {[%emt 0:00:08]} O-O {[%emt 0:00:02]} 8. Nbd2 {[%emt 0:00:08]} Nbd7 {[%emt 0:00:04]} 9. Bb5 {[%emt 0:00:19]} c6 {[%emt 0:00:05]} 10. Bd3 {[%emt 0:00:02]} Ne4 {[%emt 0:00:07]} 11. Bxe7 {[%emt 0:00:04]} Qxe7 {[%emt 0:00:02]} 12. Bxe4 {[%emt 0:00:03]} fxe4 {[%emt 0:00:02]} 13. Ng1 {[%emt 0:00:20]} Qf6 {[%emt 0:00:08]} 14. Nh3 {[%emt 0:00:17]} e5 {[%emt 0:00:06]} 15. O-O {[%emt 0:00:08]} exd4 {[%emt 0:00:03]} 16. cxd4 {[%emt 0:00:02]} Nb6 {[%emt 0:00:16]} 17. b3 {[%emt 0:00:02]} Bxh3 {[%emt 0:00:03]} 18. gxh3 {[%emt 0:00:02]} Qg5+ {[%emt 0:00:15]} 19. Qg4 {[%emt 0:00:09]} Qxg4+ 20. hxg4 {[%emt 0:00:01]} Rf7 {[%emt 0:00:48]} 21. f4 {[%emt 0:00:04]} g6 {[%emt 0:00:07]} 22. g5 {[%emt 0:00:04]} Nc8 {[%emt 0:00:06]} 23. Rf2 {[%emt 0:00:02]} Ne7 {[%emt 0:00:01]} 24. h4 {[%emt 0:00:07]} Nf5 {[%emt 0:00:01]} 25. Re1 {[%emt 0:00:18]} Nxh4 {[%emt 0:00:04]} 26. Rh2 {[%emt 0:00:03]} Nf5 {[%emt 0:00:04]} 27. Kf2 {[%emt 0:00:04]} b6 {[%emt 0:00:15]} 28. b4 {[%emt 0:00:04]} a5 {[%emt 0:00:04]} 29. a3 {[%emt 0:00:19]} axb4 {[%emt 0:00:02]} 30. axb4 {[%emt 0:00:01]} Ra2 {[%emt 0:00:01]} 31. Re2 {[%emt 0:00:03]} Rfa7 {[%emt 0:00:06]} 32. Nb3 {[%emt 0:00:08]} Rxe2+ {[%emt 0:00:04]} 33. Kxe2 {[%emt 0:00:01]} Ra2+ {[%emt 0:00:02]} 34. Nd2 {[%emt 0:00:04]} Rb2 {[%emt 0:00:14]} 35. Kd1 {[%emt 0:00:01]} Rxb4 {[%emt 0:00:04]} 36. Re2 {[%emt 0:00:05]} c5 {[%emt 0:00:02]} 37. dxc5 {[%emt 0:00:06]} bxc5 {[%emt 0:00:01]} 38. Kc2 {[%emt 0:00:03]} Ra4 {[%emt 0:00:03]} 39. Kb3 {[%emt 0:00:01]} Rb4+ {[%emt 0:00:02]} 40. Ka3 {[%emt 0:00:04]} Kf7 {[%emt 0:00:06]} 41. Nb3 {[%emt 0:00:01]} Rc4 {[%emt 0:00:10]} 42. Nd2 {[%emt 0:00:04]} Rc3+ {[%emt 0:00:01]} 43. Ka4 {[%emt 0:00:03]} Rxe3 {[%emt 0:00:03]} 44. Rxe3 Nxe3 {[%emt 0:00:01]} 45. Kb5 {[%emt 0:00:02]} c4 {[%emt 0:00:03]} 46. Kc5 {[%emt 0:00:02]} Ke6 {[%emt 0:00:01]} 47. Kd4 {[%emt 0:00:01]} Ng2 {[%emt 0:00:04]} 48. Nf1 {[%emt 0:00:06]} Nxf4 {[%emt 0:00:02]} 49. Ne3 {[%emt 0:00:02]} Ne2+ {[%emt 0:00:03]} 50. Kc5 {[%emt 0:00:02]} Ng3 {[%emt 0:00:03]} 51. Ng4 {[%emt 0:00:05]} Kf5 {[%emt 0:00:01]} 52. Nh6+ {[%emt 0:00:02]} Kxg5 {[%emt 0:00:02]} 53. Nf7+ {[%emt 0:00:01]} Kf6 {[%emt 0:00:02]} 54. Nd8 {[%emt 0:00:03]} Ke5 {[%emt 0:00:03]} 55. Nf7+ {[%emt 0:00:02]} Kf4 {[%emt 0:00:01]} 56. Nd6 {[%emt 0:00:07]} e3 {[%emt 0:00:01]} 57. Nf7 {[%emt 0:00:04]} e2 {[%emt 0:00:02]} 58. Kxd5 {[%emt 0:00:02]} e1=Q {[%emt 0:00:05]} 59. Kxc4 {[%emt 0:00:02]} Qe6+ {[%emt 0:00:07]} 60. Kd4 {[%emt 0:00:02]} Qxf7 {[%emt 0:00:02]} 61. Kc5 {[%emt 0:00:00]} Qd7 {[%emt 0:00:02]} 62. Kb6 {[%emt 0:00:03]} Qc8 {[%emt 0:00:04]} 63. Kb5 {[%emt 0:00:00]} Qc7 {[%emt 0:00:01]} 64. Ka6 {[%emt 0:00:03]} Qb8 {[%emt 0:00:01]} 65. Ka5 {[%emt 0:00:01]} Ke4 {[%emt 0:00:02]} 66. Ka6 {[%emt 0:00:02]} Kd5 {[%emt 0:00:01]} 67. Ka5 {[%emt 0:00:01]} Kc5 {[%emt 0:00:01]} 68. Ka4 {[%emt 0:00:01]} Qb4# {[%emt 0:00:01]} 0-1

[Event "11th LCC Super Blitz 2019"]
[Site "London"]
[Date "2019.12.08"]
[Round "6.1"]
[White "Jones, Gawain C B"]
[Black "Stepanyan, Henrik"]
[Result "1-0"]
[WhiteElo "2683"]
[BlackElo "2193"]
[Annotator "TA"]
[PlyCount "55"]
[EventDate "2019.12.08"]
[EventType "swiss"]
[EventCountry "ENG"]
[SourceTitle "playchess.com"]
[Source "ChessBase"]
[SourceQuality "1"]

{[%evp 17,55,27,36,19,38,30,45,8,8,2,37,31,25,4,3,5,3,2,2,2,13,2,2,3,23,25,30,32,41,21,117,101,126,117,193,185,181,176,356,329]} 1. Nf3 d5 2. g3 Nf6 3. Bg2 e6 4. c4 Be7 5. b3 O-O 6. Bb2 c5 7. cxd5 exd5 8. d4 Nc6 9. O-O Ne4 10. dxc5 {D30: Queen's Gambit Declined: Systems without Nc3} (10. Nc3 Bf6 11. e3 Bg4 12. h3 Bxf3 13. Bxf3 cxd4 14. Nxe4 dxe4 15. Bxe4 dxe3 16. Qxd8 exf2+ 17. Rxf2 Bxd8 18. Kg2 Bb6 19. Rd2 {0-1 (42) Werle,J (2555)-Sokolov,I (2584) Amsterdam 2019}) 10... Nxc5 11. Nc3 Bf6 12. Rc1 {next Ba3 is good for White.White is slightly better.} Ne4 13. Ba1 $146 ({Predecessor:} 13. Na4 Bxb2 14. Nxb2 Qf6 15. Qxd5 Nc3 16. Qd2 Nxa2 17. Rxc6 bxc6 {1-0 (34) Sulzbach,S (2195)-Braun,J (2147) Germany 2011}) 13... Be6 14. e3 Rc8 15. Nxe4 dxe4 16. Nd4 Nxd4 17. Rxc8 Bxc8 18. Bxd4 Bxd4 19. Qxd4 Qxd4 20. exd4 $11 {[%mdl 4096] Endgame KRB-KRB} Rd8 21. Bxe4 Rxd4 22. Rc1 Rd8 23. h4 g6 (23... b6 $11) 24. Rc7 $16 b6 25. Rxa7 Be6 {[#]} (25... Rd1+ $16 26. Kg2 Kg7) 26. Ra8 $1 $18 {[%cal Ra8d8]} Rxa8 27. Bxa8 b5 $2 (27... Kf8 28. Kf1 Ke7) 28. a4 {Accuracy: White = 67%, Black = 27%.} 1-0

[Event "11th LCC Super Blitz 2019"]
[Site "London"]
[Date "2019.12.08"]
[Round "6.1"]
[White "Howell, David Wl"]
[Black "Grover, Sahaj"]
[Result "1-0"]
[WhiteElo "2650"]
[BlackElo "2486"]
[Annotator "ChessBase"]
[PlyCount "75"]
[EventDate "2019.12.08"]
[EventType "swiss"]
[EventCountry "ENG"]
[SourceTitle "playchess.com"]
[Source "ChessBase"]
[SourceQuality "1"]
[TimeControl "180+2"]

1. Nf3 {[%emt 0:00:00]} Nf6 {[%emt 0:00:00]} 2. c4 {[%emt 0:00:02]} e6 {[%emt 0:00:02]} 3. g3 {[%emt 0:00:04]} d5 {[%emt 0:00:01]} 4. Bg2 {[%emt 0:00:01]} dxc4 {[%emt 0:00:01]} 5. Qa4+ {[%emt 0:00:02]} Bd7 {[%emt 0:00:01]} 6. Qxc4 {[%emt 0:00:02]} c5 {[%emt 0:00:00]} 7. Ne5 {[%emt 0:00:02]} Qc8 {[%emt 0:00:01]} 8. Nc3 {[%emt 0:00:04]} Nc6 {[%emt 0:00:03]} 9. Nxd7 {[%emt 0:00:04]} Qxd7 {[%emt 0:00:02]} 10. O-O {[%emt 0:00:08]} Be7 {[%emt 0:00:01]} 11. d3 {[%emt 0:00:01]} Rc8 {[%emt 0:00:08]} 12. Bg5 {[%emt 0:00:03]} b6 {[%emt 0:00:14]} 13. Qa4 {[%emt 0:00:19]} O-O {[%emt 0:00:08]} 14. Rfc1 {[%emt 0:00:02]} Rfd8 {[%emt 0:00:25]} 15. Kf1 {[%emt 0:00:12]} h6 {[%emt 0:00:11]} 16. Bd2 {[%emt 0:00:01]} Nd5 {[%emt 0:00:11]} 17. Rab1 {[%emt 0:00:06]} Bf6 {[%emt 0:00:45]} 18. Ne4 {[%emt 0:00:16]} Be7 {[%emt 0:00:01]} 19. a3 {[%emt 0:00:05]} a5 {[%emt 0:00:11]} 20. Be1 {[%emt 0:00:14]} f5 {[%emt 0:00:11]} 21. Nd2 {[%emt 0:00:03]} Bg5 {[%emt 0:00:13]} 22. Rd1 {[%emt 0:00:09]} Rb8 {[%emt 0:00:23]} 23. Qc4 {[%emt 0:00:28]} Be7 {[%emt 0:00:12]} 24. Rbc1 {[%emt 0:00:10]} b5 {[%emt 0:00:02]} 25. Qa2 {[%emt 0:00:01]} a4 {[%emt 0:00:04]} 26. b3 {[%emt 0:00:09]} axb3 {[%emt 0:00:04]} 27. Nxb3 {[%emt 0:00:01]} Qa7 {[%emt 0:00:01]} 28. Rd2 {[%emt 0:00:16]} Bg5 {[%emt 0:00:09]} 29. Nxc5 {[%emt 0:00:12]} Bxd2 {[%emt 0:00:02]} 30. Bxd2 {[%emt 0:00:00]} Qf7 {[%emt 0:00:05]} 31. Rb1 {[%emt 0:00:04]} b4 {[%emt 0:00:05]} 32. axb4 {[%emt 0:00:05]} Ncxb4 {[%emt 0:00:01]} 33. Qc4 {[%emt 0:00:18]} Nc6 {[%emt 0:00:02]} 34. Rxb8 Nxb8 {[%emt 0:00:01]} 35. h4 {[%emt 0:00:08]} Nd7 {[%emt 0:00:02]} 36. Nxe6 {[%emt 0:00:04]} N7b6 {[%emt 0:00:07]} 37. Nxd8 {[%emt 0:00:01]} Nxc4 {[%emt 0:00:00]} 38. Nxf7 {[%emt 0:00:02]} 1-0

[Event "11th LCC Super Blitz 2019"]
[Site "London"]
[Date "2019.12.08"]
[Round "6.1"]
[White "Mortazavi, Ali"]
[Black "Adams, Michael"]
[Result "0-1"]
[WhiteElo "2333"]
[BlackElo "2701"]
[Annotator "TA"]
[PlyCount "116"]
[EventDate "2019.12.08"]
[EventType "swiss"]
[EventCountry "ENG"]
[SourceTitle "playchess.com"]
[Source "ChessBase"]
[SourceQuality "1"]

{[%evp 17,116,-5,21,-36,1,0,0,0,51,0,0,0,50,37,72,0,0,-16,-30,-31,-28,-7,-9,-16,-8,-39,-35,-29,-14,-41,-8,-79,-75,-97,0,0,0,0,0,-21,-21,-25,-25,-218,-212,-212,-80,-112,-91,-90,-82,-79,-7,-331,-231,-388,-382,-347,-129,-144,-63,-226,-203,-321,-320,-5739,-5427,-29986,-29987,-29988,-12817,-12834,-12831,-29989,-29990,-29990,-29989,-29991,-12843,-12842,-1185,-12840,-5675,-29990,-29990,-29989,-12840,-12836,-1396,-754,-737,-1080,-527,-516,-473,-12845,-480,-679,-697,-12845,-12845]} 1. Nf3 d5 2. g3 c5 3. Bg2 Nf6 4. O-O g6 5. d3 Bg7 6. Nbd2 Nc6 7. e4 O-O 8. Re1 e5 9. c3 Re8 10. Qa4 {A08: King's Indian Attack} (10. exd5 $11 Nxd5 11. Ng5 $1 {[%mdl 512]}) 10... h6 11. exd5 Nxd5 12. Ne4 {The position is equal.} Nb6 $146 (12... Bf8 $11) ({Predecessor:} 12... Bf8 13. Qb5 Nc7 14. Qb3 Be6 15. Qxb7 Na5 16. Nf6+ Kh8 17. Qe4 Qxf6 {1-0 (45) Shoker,S (2504)-Ameir,M (2261) Alexandria 2012}) 13. Qb3 (13. Qc2 $14) 13... Be6 $11 14. c4 Qe7 15. Be3 $1 Nd4 16. Bxd4 (16. Nxd4 $16 cxd4 17. Bd2) 16... cxd4 17. Qb5 Bd7 $36 {[%mdl 2048] Black has some pressure.} 18. Qa5 Bc6 19. b4 Nd7 {aiming for ...b6.} 20. c5 b6 21. Qa6 Bxe4 22. Rxe4 bxc5 23. Ree1 Rab8 24. bxc5 (24. Qxa7 $11 {keeps the balance.} Rxb4 25. Nd2) 24... Nxc5 $17 25. Qa3 Ne6 (25... Qd6 $17 26. Rac1 Bf8) 26. Qxe7 $11 Rxe7 27. Nxe5 Nc5 28. Nc6 Rxe1+ 29. Rxe1 Nxd3 30. Re7 $2 (30. Nxb8 $11 Nxe1 31. Bd5) 30... Rb1+ $19 31. Bf1 Nc5 (31... Ne1 $19 {is more deadly.} 32. Bc4 d3 33. Rxf7 (33. Bxf7+ $2 Kh7 $19) 33... Rc1) 32. Kg2 d3 {Threatens to win with ...d2.} 33. Re8+ Kh7 34. Rd8 Rb6 (34... Rd1 $1 $17 {White should prevent ...Bc3.} 35. Rd5 d2) 35. Nb8 $2 {[%mdl 8192]} (35. Nxa7 $11 {and White has nothing to worry.} Ra6 36. Nb5) 35... Be5 36. Rc8 $2 (36. Nd7 {is a better defense.} Rd6 37. Nxc5 Rxd8 38. Nxd3) 36... d2 ({Weaker is} 36... Rxb8 37. Rxc5 d2 38. Be2 $17) 37. Be2 Bd4 $2 (37... Bd6 $19 {has better winning chances.} 38. Rc6 Rxc6 39. Nxc6 Ne4 40. Nxa7 Nc3 {[%mdl 64] Double Attack}) 38. Nc6 $17 Bb2 ({Better is} 38... Ba1 $17 {Strongly threatening ...Ne4.} 39. Nxa7 Ne6) 39. Nd8 $2 (39. Ne5 $1 $15 Ne4 40. Nc4) 39... Ne4 $19 {...Nc3 is the strong threat.} 40. Nxf7 (40. Rc7 $142) 40... Rf6 41. Rc7 $2 (41. f3 Nc3 {[%mdl 64] Double Attack} 42. Rd8 Rxf7 43. Rxd2) 41... Rxf2+ {[%mdl 64] Double Attack} 42. Kh3 Rxe2 43. Rd7 Kg8 (43... Nf2+ $142 44. Kg2 Nd3+ 45. Kh3 d1=Q 46. Ng5+ {[%mdl 64] Discovered Attack (Double check)} Kg8 47. Rd8+ Kg7 48. Rd7+ Kf8 49. Rf7+ Ke8 50. Rf8+ {[%mdl 64] Decoy} Kxf8 51. Nh7+ Kg8 52. Ng5 Qf1+ 53. Kh4 Rxh2+ 54. Kg4 h5#) 44. Nxh6+ Kf8 {( -> ...Nf2+)} 45. Ng4 Ng5+ 46. Kh4 Nf3+ 47. Kh3 Ke8 (47... Bd4 $142 48. Rd8+ Ke7 49. Rxd4 Nxd4 50. Kh4 Nf3+ {[%mdl 64] Double Attack} 51. Kh3 d1=Q 52. Ne3 Rxe3 53. Kg2 Qg1+ 54. Kh3 Nxh2 55. Kh4 Qxg3#) 48. Rd3 Ng5+ 49. Kh4 Ne4 50. Ne3 Bf6+ 51. Kg4 {[#]} Nf2+ (51... Rxe3 $142 $1 52. Rxd2 (52. Rxe3 d1=Q+) 52... Nxd2 53. Kh3 a5 54. Kg2 Re2+ 55. Kh3 {[#]} Nf3 $1 {[%mdl 512]} 56. Kg4 Nxh2+ 57. Kf4 g5+ 58. Kf5 Kf7 59. g4 Re5#) 52. Kf3 {Black is clearly winning.} Nxd3 53. Kxe2 Nc1+ 54. Kxd2 Nxa2 (54... Bg5 $142 55. Kxc1 Bxe3+ 56. Kd1 Kf7) 55. Nd5 Bg7 56. Nf4 (56. Kc2 $142) 56... Kf7 (56... Bh6 $142 57. Ke3 Nb4) 57. Nd5 (57. Kd3 $142) 57... a5 58. Kc2 Nb4+ {Accuracy: White = 30%, Black = 46%.} 0-1

[Event "11th LCC Super Blitz 2019"]
[Site "London"]
[Date "2019.12.08"]
[Round "6.2"]
[White "Rowson, Jonathan"]
[Black "Bukojemski, Adam"]
[Result "0-1"]
[WhiteElo "2561"]
[BlackElo "2219"]
[Annotator "ChessBase"]
[PlyCount "72"]
[EventDate "2019.12.08"]
[EventType "swiss"]
[EventCountry "ENG"]
[SourceTitle "playchess.com"]
[Source "ChessBase"]
[SourceQuality "1"]
[TimeControl "180+2"]

1. d4 {[%emt 0:00:00]} Nf6 {[%emt 0:00:00]} 2. c4 {[%emt 0:00:04]} g6 {[%emt 0:00:00]} 3. Nc3 d5 {[%emt 0:00:02]} 4. e3 {[%emt 0:00:16]} Bg7 {[%emt 0:00:03]} 5. Qb3 {[%emt 0:00:01]} O-O {[%emt 0:00:12]} 6. cxd5 {[%emt 0:00:02]} c6 {[%emt 0:00:01]} 7. dxc6 {[%emt 0:00:03]} Nxc6 {[%emt 0:00:01]} 8. Nf3 {[%emt 0:00:01]} e5 {[%emt 0:00:10]} 9. dxe5 {[%emt 0:00:15]} Ng4 {[%emt 0:00:01]} 10. Be2 {[%emt 0:00:10]} Be6 {[%emt 0:00:05]} 11. Qxb7 {[%emt 0:00:11]} Ngxe5 {[%emt 0:00:01]} 12. Nxe5 {[%emt 0:00:05]} Nxe5 {[%emt 0:00:02]} 13. O-O {[%emt 0:00:07]} Nd3 {[%emt 0:00:07]} 14. Rd1 {[%emt 0:00:21]} Nc5 {[%emt 0:00:20]} 15. Rxd8 {[%emt 0:00:08]} Nxb7 {[%emt 0:00:01]} 16. Rxa8 {[%emt 0:00:03]} Rxa8 {[%emt 0:00:02]} 17. Bd2 {[%emt 0:00:04]} Nc5 {[%emt 0:00:05]} 18. Rd1 {[%emt 0:00:06]} a5 {[%emt 0:00:01]} 19. Be1 {[%emt 0:00:08]} a4 {[%emt 0:00:05]} 20. a3 {[%emt 0:00:27]} Rb8 21. Nb5 {[%emt 0:00:18]} Bxb2 {[%emt 0:00:03]} 22. Bb4 {[%emt 0:00:05]} Nb3 {[%emt 0:00:24]} 23. Bc3 {[%emt 0:00:16]} Bc1 {[%emt 0:00:16]} 24. h4 {[%emt 0:00:11]} h5 {[%emt 0:00:01]} 25. Bf6 {[%emt 0:00:08]} Kf8 {[%emt 0:00:09]} 26. Nc7 {[%emt 0:00:03]} Bxa3 {[%emt 0:00:12]} 27. Nxe6+ fxe6 28. Rd7 {[%emt 0:00:01]} Nc5 {[%emt 0:00:07]} 29. Rh7 {[%emt 0:00:01]} Rb1+ {[%emt 0:00:14]} 30. Kh2 {[%emt 0:00:03]} Ne4 {[%emt 0:00:02]} 31. Bd4 {[%emt 0:00:10]} Bd6+ {[%emt 0:00:10]} 32. f4 {[%emt 0:00:03]} Nc5 {[%emt 0:00:13]} 33. Bc4 {[%emt 0:00:02]} Rc1 {[%emt 0:00:11]} 34. Bb5 {[%emt 0:00:04]} a3 {[%emt 0:00:02]} 35. Ra7 Nb3 {[%emt 0:00:12]} 36. Bf6 {[%emt 0:00:07]} Bc5 {[%emt 0:00:03]} 0-1

[Event "11th LCC Super Blitz 2019"]
[Site "London"]
[Date "2019.12.08"]
[Round "6.2"]
[White "Pert, Nicholas"]
[Black "Klingher, Dominic"]
[Result "0-1"]
[WhiteElo "2560"]
[BlackElo "2071"]
[Annotator "ChessBase"]
[PlyCount "143"]
[EventDate "2019.12.08"]
[EventType "swiss"]
[EventCountry "ENG"]
[SourceTitle "playchess.com"]
[Source "ChessBase"]
[SourceQuality "1"]
[TimeControl "180+2"]

1. d4 {[%emt 0:00:00]} Nf6 {[%emt 0:00:00]} 2. Nf3 {[%emt 0:00:00]} d6 {[%emt 0:00:00]} 3. g3 {[%emt 0:00:01]} g6 {[%emt 0:00:02]} 4. Bg2 {[%emt 0:00:01]} Bg7 {[%emt 0:00:02]} 5. O-O {[%emt 0:00:01]} O-O {[%emt 0:00:01]} 6. Nc3 {[%emt 0:00:02]} Nbd7 {[%emt 0:00:02]} 7. a4 {[%emt 0:00:01]} c5 {[%emt 0:00:03]} 8. d5 {[%emt 0:00:06]} a6 {[%emt 0:00:04]} 9. a5 {[%emt 0:00:03]} Rb8 {[%emt 0:00:02]} 10. e4 {[%emt 0:00:02]} b5 {[%emt 0:00:06]} 11. axb6 {[%emt 0:00:01]} Nxb6 {[%emt 0:00:01]} 12. Re1 {[%emt 0:00:03]} Ng4 {[%emt 0:00:08]} 13. h3 {[%emt 0:00:08]} Ne5 {[%emt 0:00:03]} 14. Nxe5 {[%emt 0:00:01]} Bxe5 {[%emt 0:00:01]} 15. Bh6 {[%emt 0:00:03]} Re8 {[%emt 0:00:08]} 16. Qd3 {[%emt 0:00:15]} e6 {[%emt 0:00:20]} 17. dxe6 Bxe6 {[%emt 0:00:02]} 18. b3 {[%emt 0:00:28]} Qf6 {[%emt 0:00:17]} 19. Bd2 {[%emt 0:00:11]} c4 {[%emt 0:00:12]} 20. bxc4 {[%emt 0:00:25]} Nxc4 {[%emt 0:00:05]} 21. Re3 {[%emt 0:01:32]} Nxe3 {[%emt 0:00:08]} 22. Qxe3 {[%emt 0:00:03]} Bd4 {[%emt 0:00:10]} 23. Qf3 {[%emt 0:00:01]} Qxf3 {[%emt 0:00:18]} 24. Bxf3 {[%emt 0:00:01]} Bxh3 {[%emt 0:00:27]} 25. g4 {[%emt 0:00:03]} Rb2 {[%emt 0:00:07]} 26. Rc1 {[%emt 0:00:04]} Be5 {[%emt 0:00:08]} 27. Ne2 {[%emt 0:00:01]} h5 {[%emt 0:00:11]} 28. gxh5 {[%emt 0:00:01]} gxh5 {[%emt 0:00:01]} 29. Bxh5 {[%emt 0:00:01]} Kh7 {[%emt 0:00:08]} 30. Ng3 {[%emt 0:00:01]} Reb8 {[%emt 0:00:04]} 31. Kh2 {[%emt 0:00:02]} Be6 {[%emt 0:00:02]} 32. f4 {[%emt 0:00:01]} Bd4 {[%emt 0:00:05]} 33. f5 {[%emt 0:00:01]} Bc4 {[%emt 0:00:01]} 34. Bf4 {[%emt 0:00:04]} Rb1 {[%emt 0:00:02]} 35. Rxb1 {[%emt 0:00:02]} Rxb1 {[%emt 0:00:02]} 36. Bxd6 {[%emt 0:00:01]} Rc1 {[%emt 0:00:07]} 37. e5 {[%emt 0:00:03]} Rxc2+ {[%emt 0:00:01]} 38. Kh3 {[%emt 0:00:01]} Bd5 {[%emt 0:00:04]} 39. Bg4 {[%emt 0:00:03]} Bg2+ {[%emt 0:00:03]} 40. Kh4 {[%emt 0:00:01]} Bf2 {[%emt 0:00:04]} 41. e6 {[%emt 0:00:01]} fxe6 {[%emt 0:00:02]} 42. fxe6 {[%emt 0:00:01]} Rc3 {[%emt 0:00:01]} 43. e7 {[%emt 0:00:02]} Re3 {[%emt 0:00:04]} 44. Kg5 {[%emt 0:00:17]} Bxg3 {[%emt 0:00:09]} 45. Bf5+ Kg7 {[%emt 0:00:00]} 46. Bd7 {[%emt 0:00:08]} Bxd6 {[%emt 0:00:08]} 47. e8=Q {[%emt 0:00:00]} Rxe8 {[%emt 0:00:01]} 48. Bxe8 {[%emt 0:00:01]} a5 {[%emt 0:00:02]} 49. Kf5 {[%emt 0:00:01]} Bd5 {[%emt 0:00:03]} 50. Ba4 {[%emt 0:00:02]} Kf7 {[%emt 0:00:01]} 51. Bc2 {[%emt 0:00:03]} Ke7 {[%emt 0:00:03]} 52. Ba4 {[%emt 0:00:01]} Kd8 {[%emt 0:00:01]} 53. Bb5 {[%emt 0:00:06]} Kc7 {[%emt 0:00:01]} 54. Ba4 {[%emt 0:00:01]} Kb6 {[%emt 0:00:01]} 55. Kf6 {[%emt 0:00:03]} Kc5 {[%emt 0:00:03]} 56. Kf5 {[%emt 0:00:02]} Kb4 {[%emt 0:00:03]} 57. Be8 {[%emt 0:00:00]} a4 {[%emt 0:00:04]} 58. Bxa4 Kxa4 {[%emt 0:00:01]} 59. Kf6 {[%emt 0:00:03]} Kb5 {[%emt 0:00:00]} 60. Kf5 {[%emt 0:00:01]} Kc4 {[%emt 0:00:01]} 61. Kf6 {[%emt 0:00:00]} Kd4 {[%emt 0:00:01]} 62. Kf5 {[%emt 0:00:01]} Be5 {[%emt 0:00:02]} 63. Kg5 {[%emt 0:00:00]} Ke4 {[%emt 0:00:01]} 64. Kg4 {[%emt 0:00:01]} Be6+ {[%emt 0:00:01]} 65. Kg5 {[%emt 0:00:01]} Bf5 {[%emt 0:00:02]} 66. Kh5 Bf4 {[%emt 0:00:06]} 67. Kh4 {[%emt 0:00:01]} Kf3 {[%emt 0:00:02]} 68. Kh5 {[%emt 0:00:00]} Bd2 {[%emt 0:00:02]} 69. Kh4 {[%emt 0:00:01]} Bf4 {[%emt 0:00:07]} 70. Kh5 {[%emt 0:00:00]} Be3 {[%emt 0:00:01]} 71. Kh4 {[%emt 0:00:01]} Bf4 {[%emt 0:00:05]} 72. Kh5 0-1